América Latina - Europa: desafíos comunes /
Se señalan los desafíos comunes que enfrentan América Latina y Europa del Este dentro de una perspectiva de globalización de los problemas y las soluciones. Así, se tienen los desafíos de la consolidación democrática, la transformación económica y el desarrollo de nuevas formas de cohesión social....
Zapisane w:
| 1. autor: | |
|---|---|
| Format: | Texto |
| Język: | Spanish |
| Hasła przedmiotowe: | |
| Etykiety: |
Dodaj etykietę
Nie ma etykietki, Dołącz pierwszą etykiete!
|
MARC
| LEADER | 00000 a a2200000 04500 | ||
|---|---|---|---|
| 003 | cru CIDCACS/IIS | ||
| 005 | 20231110094243.0 | ||
| 008 | 201126b ||||| |||| 00| 0 spa d | ||
| 040 | |c CRAI/IIS | ||
| 100 | 1 | |a Yunque B., Guillermo |9 9760 | |
| 245 | 1 | |a América Latina - Europa: |b desafíos comunes / |c Guillermo Yunque B. | |
| 300 | |a páginas 22-24: |b tablas | ||
| 520 | |a Se señalan los desafíos comunes que enfrentan América Latina y Europa del Este dentro de una perspectiva de globalización de los problemas y las soluciones. Así, se tienen los desafíos de la consolidación democrática, la transformación económica y el desarrollo de nuevas formas de cohesión social. Algunas tareas prioritarias son: 1.- compatibilizar la inclusión política con los efectos de exclusión social, propios del ajuste estructural de la economía; 2.- articular el Estado y los actores políticos y sociales para generar dinámicas de concertación; 3.- clausurar el patrón de desarrollo que tenía el Estado como agente rector; 4.- fortalecer a la sociedad civil y, 5.- lograr un elevado y eficiente desempeño del sector público. América Latina y Europa del Este enfrentan una agenda similar de temas, por lo que debe fomentarse la cooperación entre ambas regiones. Los países den norte desarrollado deben cooperar y solidarizarse con estas regiones, sin escindir los aspectos políticos de los económicos. AR/MR | ||
| 650 | 4 | |a DEMOCRATIZACION |9 1849 | |
| 650 | 0 | |a SOCIEDAD CIVIL |9 2091 | |
| 650 | 0 | |a PROBLEMAS SOCIALES |9 839 | |
| 650 | 4 | |a PARTICIPACION POLITICA |9 3207 | |
| 650 | 4 | |a AJUSTE ESTRUCTURAL |9 4425 | |
| 650 | 0 | |a RECUPERACIÓN ECONÓMICA |9 2918 | |
| 651 | 0 | |9 17 |a AMERICA LATINA | |
| 773 | 0 | |0 43536 |9 5083 |a Facultad Latinoamericana de Ciencias Sociales |d Chile: FLACSO, 1982- |o 23051 |t Cono Sur/ |x 07168713 | |
| 942 | |2 ddc |c PP | ||
| 999 | |c 43538 |d 43538 | ||
